Top 15 landen met Covid-19 sterfgevallen - 7 juli 2021 - Statistieken

Algemene statistieken
  • Deze quiz is 6 keer genomen
  • De gemiddelde score is 9 van 24
Antwoordstatistieken
land % Correct
Italië
75%
Rusland
75%
Verenigde Staten
75%
België
50%
Bosnië en Herzegovina
50%
Frankrijk
50%
India
50%
Mexico
50%
Noord-Macedonië
50%
Polen
50%
Spanje
50%
Argentinië
25%
Brazilië
25%
Bulgarije
25%
Duitsland
25%
Hongarije
25%
Iran
25%
Kroatië
25%
Peru
25%
Slovenië
25%
Slowakije
25%
Tsjechië
25%
Verenigd Koninkrijk
25%
Colombia
0%
Geen overeenkomende quizzen gevonden
Scoreverdeling
Procent van Mensen met Elke Score
Percentiel versus Aantal Correcte Antwoorden
Uw Scoregeschiedenis
U heeft deze quiz nog niet genomen